000 00601nam a2200229Ia 4500
003 OSt
005 20221007080621.0
006 a|||||r|||| 00| 0
007 ta
008 221006b |||||||| |||| 00| 0 eng d
024 _a28,417
037 _cTextual
040 _aFLL
_cFLL
_beng
041 _2eng
_aeng
082 _aZ73:811, K2
100 _aRostow Eugene V.
245 0 _aSovereign prerogative
260 _aNew Haven
_bYale University Press New
_c1962
300 _axxxix,318p
_ccm.
942 _hZ73:811, K2
_cTEXL
_2CC
999 _c1160298
_d1160298